| 000 | 01228cam a22003497a 4500 | ||
|---|---|---|---|
| 003 | CHAP | ||
| 005 | 20220329141852.0 | ||
| 008 | 980318d1995 us rd 00010 spa d | ||
| 010 | _a75040 | ||
| 011 | _a76012 | ||
| 020 | _a1883052092 | ||
| 035 | _a85588 | ||
| 040 | _cCHAP | ||
| 082 | 0 | 4 |
_a635.903 _bD5 |
| 245 | 0 | 0 |
_aDiccionario de floricultura ball inglés-español / español-inglés : _bcon difiniciones en español _c/por Verónica Hoyos de Martens y Nydia Palma de Villarreal |
| 260 | 0 |
_aBatavia, Ill. : _bBall Publishing, _c1995. |
|
| 300 | _a414 p | ||
| 590 |
_aBATCH-UPD _b10 _c20130110 _lUCH01 _h0221 |
||
| 590 |
_aBATCH-UPD _b10 _c20130110 _lUCH01 _h2029 |
||
| 590 |
_aBATCH-UPD _b10 _c20130409 _lUCH01 _h2242 |
||
| 590 |
_aBATCH-UPD _b10 _c20130914 _lUCH01 _h1420 |
||
| 590 |
_aCONVERSION _b10 _c20130109 _lUCH01 _h1341 |
||
| 650 | 1 | 4 |
_aFloricultura _xDiccionarios. _941835 |
| 650 | 1 | 4 |
_aJardinería _xDiccionarios. _961144 |
| 650 | 1 | 4 |
_aPlantas ornamentales _xDiccionarios. _989061 |
| 700 | 0 |
_aHoyos de Martens, Verónica. _956534 |
|
| 700 | 0 |
_aPalma de Villarreal, Nydia. _984948 |
|
| 901 | _aBK | ||
| 905 | _aGuadalupe Pinto C. | ||
| 942 | _cLIBRO | ||
| 949 |
_a635.903 D5 _bBC _cC _d33724000684098 _eC _h92535 _i85588 _sb |
||
| 999 |
_c75040 _d75040 |
||